Lifescapes/ (Record no. 188095)
[ view plain ]
| 000 -LEADER | |
|---|---|
| fixed length control field | 00555nam a22001937a 4500 |
| 005 - DATE AND TIME OF LATEST TRANSACTION | |
| control field | 20220510114233.0 |
| 010 ## - LCCN (DPL NO) | |
| LC control number | ENG-132576 |
| 020 ## - INTERNATIONAL STANDARD BOOK NUMBER | |
| International Standard Book Number | 9789385606199 |
| Terms of availability | 375.00 |
| 035 ## - SYSTEM CONTROL NUMBER | |
| System control number | EN-116108 |
| 037 ## - SOURCE OF ACQUISITION | |
| Source of stock number/acquisition | DBAD/PUB |
| 082 ## - DEWEY DECIMAL CLASSIFICATION NUMBER | |
| Classification number | 880 |
| Item number | 1 |
| 100 ## - MAIN ENTRY--PERSONAL NAME | |
| Personal name | Srilata, K |
| 245 ## - TITLE STATEMENT | |
| Title | Lifescapes/ |
| Statement of responsibility, etc | K.Srilata |
| 260 ## - PUBLICATION, DISTRIBUTION, ETC. (IMPRINT) | |
| Place of publication, distribution, etc | New Delhi |
| Name of publisher, distributor, etc | Women Unlimited |
| Date of publication, distribution, etc | 2019 |
| 270 ## - ADDRESS | |
| Address | 7/10, FF, Sarvapriya Vihar |
| City | New Delhi |
| Postal code | 110016 |
| Electronic mail address | www.womenunlimited.net |
| 300 ## - PHYSICAL DESCRIPTION | |
| Extent | xx,210p |
| Dimensions | 22cm(pbk) |
| 700 ## - ADDED ENTRY--PERSONAL NAME | |
| Personal name | Swarnalatha Rangarajan |
| 942 ## - ADDED ENTRY ELEMENTS (KOHA) | |
| Source of classification or shelving scheme | Dewey Decimal Classification |
| Item type | English Books |
| Classification part | 880 |
| Call number suffix | SRI |
| Withdrawn status | Lost status | Not for loan | Collection code | Home library | Current library | Date acquired | Source of acquisition | Cost, normal purchase price | Full call number | Barcode | Copy number | Cost, replacement price | Koha item type |
|---|---|---|---|---|---|---|---|---|---|---|---|---|---|
| Non-fiction | Patel Nagar | Patel Nagar | 10/05/2022 | DBAD/PUB | 375.00 | 880 SRI | EN-116108 | 1 | 375.00 | English Books |
